Central Library OPAC University of Rajshahi

কবি নজরুল / (Record no. 54638)

MARC details
000 -LEADER
fixed length control field 00835nam a2200241 a 4500
001 - CONTROL NUMBER
control field 54638
003 - CONTROL NUMBER IDENTIFIER
rucl marc code BD-RjUL
005 - DATE AND TIME OF LATEST TRANSACTION
control field 20211209080140.0
008 - FIXED-LENGTH DATA ELEMENTS--GENERAL INFORMATION
fixed length control field 161108s1957 ii ||||| |||| 00| 0 ben d
020 ## - INTERNATIONAL STANDARD BOOK NUMBER
Terms of availability : Tk. 3.00
035 ## - SYSTEM CONTROL NUMBER
System control number (BD-RjUL)54760
040 ## - CATALOGING SOURCE
Original cataloging agency BD-RjUL
Language of cataloging ben
Transcribing agency BD-RjUL
041 ## - LANGUAGE CODE
Language code of text/sound track or separate title ben
082 ## - DEWEY DECIMAL CLASSIFICATION NUMBER
Edition number 23
Classification number 891.4415
Author mark and year PAK 1957
110 ## - MAIN ENTRY--CORPORATE NAME
Corporate name or jurisdiction name as entry element পরিষদ, সংস্কৃতি
9 (RLIN) 162964
245 10 - TITLE STATEMENT
Title কবি নজরুল /
260 ## - PUBLICATION, DISTRIBUTION, ETC. (IMPRINT)
Place of publication, distribution, etc. কলিকাতা :
Name of publisher, distributor, etc. সংস্কৃতি পরিষদ,
Date of publication, distribution, etc. ১৯৫৭
300 ## - PHYSICAL DESCRIPTION
Pagination ১১২ পৃ. ;
Size ২৪ সেমি.
600 ## - SUBJECT ADDED ENTRY--PERSONAL NAME
Personal name ইসলাম, কাজী নজরুল
Dates associated with a name ১৮৯৯-১৯৭৬
Personal name Islam, Kazi Nazrul
Dates associated with a name 1899-1976
710 ## - ADDED ENTRY--CORPORATE NAME
Corporate name or jurisdiction name as entry element সংস্কৃতি পরিষদ
9 (RLIN) 162963
942 ## - ADDED ENTRY ELEMENTS (KOHA)
Source of classification or shelving scheme Dewey Decimal Classification
Koha item type Books
Holdings
Lost status Source of classification or shelving scheme Damaged status Not for loan Collection code Permanent Location Current Location Shelving location Date acquired Total Checkouts Full call number Date last seen Date checked out Copy number Koha item type Source of acquisition Cost, normal purchase price
  Dewey Decimal Classification     Non-fiction Central Library, University of Rajshahi Central Library, University of Rajshahi   11/06/1965 1 B 891.4415 PAK 1957 28/10/2018 10/10/2018 C-2 Books    
  Dewey Decimal Classification   Not For Loan Non-fiction Central Library, University of Rajshahi Central Library, University of Rajshahi Reading Room 11/06/1965   B 891.4415 PAK 1957 23/02/2017   C-1 Books N/A 0.00